00814 a2200229 4500010001400000020002600014035001300040037001600053082001400069090001700083100001800100245009700118260004400215270004900259300003000308500002000338700001800358700002300376942002900399999001700428952013900445 aENG-89195 a9788120333536c395.00 aEN-72728 bDBAD / PUB14a629.13251 c10479d104791 aBose, Amitava1 aModern inertial sensors and systems /cby Amitava Bose, Somnath Puri [and] Paritosh Banerjee aNew DelhibPrentice-Hall of Indiac2008 aM-97, Connaught Circus,bNew Delhie110 001 axviii, 397p.c23 cm (pbk) aIncludes Index aPuri, Somnath aBanerjee, Paritosh adplcENk629.13251 / BOS c10206d10206 00102ddc40718NFICaDBADbDBADeDBAD/PUBg395.00l0o629.13251 BOSpEN-72728r2008-09-15 00:00:00t1u11236v395.00w2008-09-15yEN